<?xml version="1.0" encoding="UTF-8"?>
<record
    xmlns:xsi="http://www.w3.org/2001/XMLSchema-instance"
    xsi:schemaLocation="http://www.loc.gov/MARC21/slim http://www.loc.gov/standards/marcxml/schema/MARC21slim.xsd"
    xmlns="http://www.loc.gov/MARC21/slim">

  <leader>02532nam a22002417a 4500</leader>
  <controlfield tag="003">ES-MaBCM</controlfield>
  <controlfield tag="005">20260217124920.0</controlfield>
  <controlfield tag="008">260217s2024    sp ||||| |||| 00| 0 eng d</controlfield>
  <datafield tag="040" ind1=" " ind2=" ">
    <subfield code="c">ES-MaBCM</subfield>
  </datafield>
  <datafield tag="245" ind1="0" ind2="0">
    <subfield code="a">National Perspectives on Europe&#x2019;s De-risking from China</subfield>
    <subfield code="c">Patrik Andersson Frida Lindberg, (lead editors)</subfield>
    <subfield code="h">[Recurso electr&#xF3;nico]</subfield>
  </datafield>
  <datafield tag="260" ind1=" " ind2=" ">
    <subfield code="a">Madrid</subfield>
    <subfield code="b"> : Real Instituto Elcano</subfield>
    <subfield code="c"> , 2024</subfield>
  </datafield>
  <datafield tag="500" ind1=" " ind2=" ">
    <subfield code="a">En la cubierta: "A Report by the European Think-tank Network on China (ETNC). June 2024"
</subfield>
  </datafield>
  <datafield tag="520" ind1=" " ind2=" ">
    <subfield code="a">In recent years, the risks associated with growing dependencies on China and how to reduce them have been a recurring topic of debate on Europe&#x2019;s relations with China. The United States and its partners have pushed to reduce reliance on China in various fields, citing national security concerns, among other things.  The debate on the role of Chinese suppliers, notably Huawei and ZTE, in the build out of Europe&#x2019;s 5G telecommunications networks in 2019 was perhaps the first clear sign of unease over China&#x2019;s increasing presence in critical infrastructure, where Chinese companies had for some years been acquiring significant stakes in major European assets from ports to electricity grids. The Covid-19 pandemic brought to light supply chain vulnerabilities and dependencies, especially with regard to China, where European countries had become heavily reliant on China for supplies of items such as masks and respirators. When Russia&#x2019;s full-scale invasion of Ukraine exposed the costs of overreliance on Russia for gas supplies, the EU became increasingly concerned about the risks of economic dependence on other potential geopolitical rivals, such as China. The de-risking concept is now couched in a broader, nominally country-agnostic discussion on economic security, on which the European Commission drafted a strategy in June 2023. By strengthening the EU&#x2019;s economic foundation and competitiveness, mitigating risks, and collaborating with as many nations as possible to address common issues and goals, the strategy sets out a common framework for achieving economic security.</subfield>
  </datafield>
  <datafield tag="650" ind1=" " ind2="7">
    <subfield code="a">Relaciones de la Uni&#xF3;n Europea</subfield>
  </datafield>
  <datafield tag="650" ind1=" " ind2="7">
    <subfield code="a">Pol&#xED;tica internacional</subfield>
  </datafield>
  <datafield tag="650" ind1=" " ind2="0">
    <subfield code="a">Geopol&#xED;tica</subfield>
  </datafield>
  <datafield tag="651" ind1=" " ind2="4">
    <subfield code="a">Pa&#xED;ses de la Uni&#xF3;n Europea</subfield>
    <subfield code="9">115358</subfield>
  </datafield>
  <datafield tag="651" ind1=" " ind2="4">
    <subfield code="a">China</subfield>
    <subfield code="9">115350</subfield>
  </datafield>
  <datafield tag="655" ind1=" " ind2="4">
    <subfield code="a">Informe</subfield>
    <subfield code="9">115344</subfield>
  </datafield>
  <datafield tag="856" ind1=" " ind2=" ">
    <subfield code="u">https://mpr.koha.es/cgi-bin/koha/opac-retrieve-file.pl?id=177c508e53bb2b9d6c65c00f802fce41</subfield>
    <subfield code="y">DESCARGAR DOCUMENTO</subfield>
  </datafield>
  <datafield tag="942" ind1=" " ind2=" ">
    <subfield code="c">LE</subfield>
  </datafield>
  <datafield tag="999" ind1=" " ind2=" ">
    <subfield code="c">232303</subfield>
    <subfield code="d">232303</subfield>
  </datafield>
  <datafield tag="952" ind1=" " ind2=" ">
    <subfield code="0">0</subfield>
    <subfield code="1">0</subfield>
    <subfield code="2">udc</subfield>
    <subfield code="4">0</subfield>
    <subfield code="6">EN_L&#xCD;NEA</subfield>
    <subfield code="7">0</subfield>
    <subfield code="9">244827</subfield>
    <subfield code="a">BC</subfield>
    <subfield code="b">BC</subfield>
    <subfield code="c">RE</subfield>
    <subfield code="d">2026-02-17</subfield>
    <subfield code="e">D</subfield>
    <subfield code="l">0</subfield>
    <subfield code="o">En l&#xED;nea</subfield>
    <subfield code="r">2026-02-17 12:49:38</subfield>
    <subfield code="w">2026-02-17</subfield>
    <subfield code="y">LE</subfield>
  </datafield>
</record>
